[Event "FRG-ch"]
[Site "Bad Neuenahr"]
[Date "1982.??.??"]
[Round "?"]
[White "Reichenbach, Werner"]
[Black "Feustel, Bernd"]
[Result "1/2-1/2"]
[WhiteElo "2295"]
[BlackElo "2365"]

1.e4 g6 2.d4 Bg7 3.Nc3 d6 4.Be3 Nd7 5.Qd2 a6 6.a4 b6 7.f3 e6 8.Bd3 c5 9.Nge2 Qc7
10.dxc5 bxc5 11.b3 Ne7 12.Rd1 Bb7 13.Bc4  1/2-1/2

[Event "Baile Herculane zt"]
[Site "Baile Herculane"]
[Date "1982.??.??"]
[Round "17"]
[White "Velikov, Petar"]
[Black "Inkiov, Ventzislav"]
[Result "1/2-1/2"]
[WhiteElo "2470"]
[BlackElo "2495"]

1.e4 g6 2.d4 Bg7 3.Nc3 d6 4.Nf3 Nf6 5.Be2 O-O 6.O-O c6 7.a4 a5 8.h3 Qc7 9.Be3 e5
10.dxe5 dxe5 11.Bc4 Na6 12.Qe2 Qe7 13.Rfd1 Nc5 14.Nd2 Nh5  1/2-1/2

[Event "Beersheba"]
[Site "Beersheba"]
[Date "1982.??.??"]
[Round "13"]
[White "Burger, Karl"]
[Black "Pasman, Michael"]
[Result "1/2-1/2"]
[WhiteElo "2420"]
[BlackElo "2310"]

1.e4 g6 2.d4 Bg7 3.Nc3 d6 4.Nge2 Na6 5.g3 c5 6.Bg2 Nf6 7.O-O O-O 8.h3 cxd4
9.Nxd4 Nc5 10.Re1 Bd7 11.Be3 Qc8 12.Kh2 Na4 13.Nxa4 Bxa4 14.Qd2 Re8 15.Rac1 Bc6
16.Bh6 Bh8 17.c4 Qc7 18.b4 Red8 19.Qe3 Be8 20.Red1 Nd7 21.Nb5 Qb8 22.Nc3 Nf6
23.Bg5 Kf8 24.Nd5 Ng8 25.c5 Bg7 26.cxd6 Rxd6 27.e5 Re6 28.Bf4 h6 29.h4 Bxe5
30.Bxh6+ Nxh6 31.Qxh6+ Bg7 32.Qh7 Bc6 33.b5 Bxd5 34.Bxd5 Rf6 35.Kg2 a6 36.bxa6 Raxa6
37.Rc2 Rad6 38.Rdc1 Rd8 39.h5 gxh5 40.Qxh5 b6 41.Bb3 Qb7+ 42.Kg1 Qe4 43.Re2 Qf5
44.Rd2 Re8 45.Qxf5 Rxf5 46.Rc6 b5 47.Kg2 b4  1/2-1/2

[Event "Rakovica"]
[Site "Belgrade"]
[Date "1982.??.??"]
[Round "?"]
[White "Marjanovic, Slavoljub"]
[Black "Todorcevic, Miodrag"]
[Result "1/2-1/2"]
[WhiteElo "2450"]
[BlackElo "2390"]

1.e4 g6 2.d4 Bg7 3.Nc3 d6 4.f4 c6 5.Nf3 Bg4 6.Be3 Qb6 7.Qd3 Nf6 8.O-O-O d5
9.e5 Ne4 10.Ne2 Bf5 11.Qa3 Qa6 12.Qb3 Qb6 13.h3 h5 14.g3 Qxb3 15.axb3 Na6
16.Rg1 O-O-O 17.g4 hxg4 18.hxg4 Bd7 19.Nc3 Nc7 20.Re1 f5 21.gxf5 Bxf5 22.Nxe4 dxe4
23.Ng5 Rdf8 24.Bg2 Bh6 25.Bxe4 Bxe4 26.Nxe4 Nd5 27.Bd2 Bxf4 28.Re2 Rh4 29.c3 Be3
30.Bxe3 Rxe4 31.Bh6 Rxe2 32.Bxf8 c5 33.dxc5 Rxe5 34.Rxg6 Nf4 35.Rg8 Kd7 36.b4 Re1+
37.Kc2 Re2+ 38.Kb3 Nd3 39.Rg3 Rxb2+ 40.Ka3 Rd2 41.Bh6 Rd1 42.Re3 Nf2 43.Bg5 e6
44.Bh4 Rd2 45.Kb3 Nd3 46.Rg3 Rb2+ 47.Ka3 Rd2 48.Bg5 Rd1 49.Kb3 Ne5 50.Bf4 Nf7
51.Rg7 Ke7 52.b5 Kf6 53.Rg8 e5 54.Bg3 Ke6 55.Ra8 b6 56.Rxa7 bxc5 57.Kc2 Rg1
58.Bh4 Nd6 59.b6 Rg2+ 60.Kb1 Rg8 61.Kc2 Rb8 62.Re7+ Kd5 63.Bg3 Rxb6 64.Rxe5+ Kc6
65.Kd3 c4+ 66.Kc2 Nb5 67.Re6+ Kb7 68.Re7+ Ka6 69.Kd2 Rg6 70.Be5 Rg2+ 71.Ke3 Rc2
72.Ke4 Nxc3+  1/2-1/2

[Event "Rakovica"]
[Site "Belgrade"]
[Date "1982.??.??"]
[Round "?"]
[White "Chandler, Murray G"]
[Black "Todorcevic, Miodrag"]
[Result "0-1"]
[WhiteElo "2505"]
[BlackElo "2390"]

1.e4 g6 2.d4 Bg7 3.Nc3 d6 4.f4 c6 5.Bc4 d5 6.exd5 b5 7.Bb3 b4 8.Na4 cxd5
9.Nc5 Nf6 10.Nf3 O-O 11.O-O Nbd7 12.Nxd7 Bxd7 13.a3 bxa3 14.Rxa3 a5 15.Ne5 Bb5
16.Re1 e6 17.Ba2 Qb6 18.Rh3 a4 19.c3 Ne4 20.Ree3 f6 21.Nf3 Rfc8 22.Qe1 Ra7
23.g4 a3 24.b3 Rac7 25.Bd2 Qd6 26.Qh4 h6 27.g5 fxg5 28.fxg5 h5 29.Rxe4 dxe4
30.Qxe4 Rxc3 31.b4 R3c4 32.Qxg6 Be8 33.Qd3 Rc2  0-1

[Event "HUN-ch"]
[Site "Budapest"]
[Date "1982.??.??"]
[Round "?"]
[White "Perenyi, Bela"]
[Black "Barczay, Laszlo"]
[Result "1/2-1/2"]
[WhiteElo "2375"]
[BlackElo "2445"]

1.e4 g6 2.d4 Bg7 3.Nc3 d6 4.Be3 a6 5.h4 Nf6 6.h5 gxh5 7.Qd2 Nc6 8.f3 e5 9.Nge2 d5
10.exd5 Nxd5 11.Nxd5 Qxd5 12.Rxh5 f5 13.dxe5 Qxe5 14.Nc3 Be6 15.O-O-O Rd8
16.Qe1 Rxd1+ 17.Nxd1 Bf7 18.f4 Qe6 19.Rg5 Bf6 20.Rg3 Bh4 21.Qc3 Bf6 22.Qa3 Kd8
23.Bc5 Kc8 24.Bxa6 Qe4 25.Bd3 Qxf4+ 26.Kb1 Kb8 27.Rf3 Qd2 28.Rf1 Re8 29.Be3 Rxe3
30.Nxe3 Qxe3 31.Qf8+ Nd8 32.Bxf5 Qe5 33.Qb4 Qd5 34.Qa3 Qxg2 35.Bd3 Qg7 36.Be4 Bg6
37.Bh1 Be7 38.Qb3 Bd6 39.a4 Qe7 40.a5 Qe2 41.Rc1 c6 42.Bf3 Qa6 43.Qa4 Bc7
44.Be4 Qe2 45.Bxg6 hxg6 46.Rg1 Qf2 47.Qg4 Bxa5 48.Qg3+ Qxg3 49.Rxg3  1/2-1/2

[Event "ARG-ch sf"]
[Site "Buenos Aires"]
[Date "1982.??.??"]
[Round "?"]
[White "Borghi, Humberto"]
[Black "Soppe, Guillermo"]
[Result "1-0"]
[WhiteElo "2370"]
[BlackElo "2250"]

1.e4 g6 2.d4 Bg7 3.Nc3 d6 4.f4 Nf6 5.Nf3 O-O 6.Bd3 Na6 7.e5 Nd7 8.Ne4 dxe5
9.Nxe5 Nxe5 10.dxe5 Nb4 11.Be3 Bf5 12.O-O Nxd3 13.cxd3 Qd5 14.Qc2 b6 15.Rfd1 c5
16.Ng3 Bg4 17.Rd2 h5 18.d4 cxd4 19.Rxd4 Qe6 20.h3 h4 21.Ne4 Bf5 22.Qf2 Bxe4
23.Rxe4 Rac8 24.Qxh4 Rc2 25.Bd4 Qd5 26.Rae1 Rc4 27.f5 gxf5 28.Rf4 Rfc8 29.Bc3 e6
30.Rxc4 Rxc4 31.Qh5 Qc5+ 32.Kh1 Qe7 33.Rd1 Qh4 34.Qe2 Re4 35.Qb5 Qe7 36.a3 f4
37.Qc6 Re3 38.Rf1 Bxe5 39.Bxe5 Rxe5 40.Rxf4 Rc5 41.Qa8+ Kg7 42.Rg4+ Rg5 43.Rh4 Qc5
44.Qh8+  1-0

[Event "Politiken Cup"]
[Site "Copenhagen"]
[Date "1982.??.??"]
[Round "1"]
[White "Laird, Craig"]
[Black "Ermenkov, Evgenij"]
[Result "1-0"]
[WhiteElo "2340"]
[BlackElo "2460"]

1.d4 g6 2.e4 Bg7 3.Nc3 d6 4.f4 c6 5.Nf3 d5 6.e5 Nh6 7.Be3 O-O 8.Qd2 b5 9.h3 a5
10.g4 f5 11.g5 Nf7 12.h4 e6 13.h5 Re8 14.Qh2 Nh8 15.Be2 Nd7 16.Nh4 Kf7 17.Kf2 Ba6
18.a3 Rg8 19.Qh3 Qc8 20.Na2 c5 21.Rhc1 Bf8 22.Nf3 b4 23.hxg6+ hxg6 24.Bxa6 Rxa6
25.Qh7+ Bg7 26.c4 bxc3 27.Nxc3 c4 28.Nb5 Qb8 29.a4 Rc8 30.Rc3 Nf8 31.Qh1 Kg8
32.Rac1 Nf7 33.b3 Rac6 34.Nd2 Nd7 35.bxc4 dxc4 36.Nxc4 Nb6 37.Nxb6 Rxc3 38.Rxc3 Rxc3
39.Nxc3 Qxb6 40.Qa8+ Bf8 41.Nb5 Nd8 42.Qc8 Qc6 43.Qxc6 Nxc6 44.Ke2 Nb4 45.Bd2 Kf7
46.Nd6+ Bxd6 47.exd6 Nd5 48.Kd3 Ke8 49.Kc4 Kd8 50.Kb5 Kd7 51.Kc5 Nb4 52.Bxb4 axb4
53.Kxb4  1-0

[Event "Politiken Cup"]
[Site "Copenhagen"]
[Date "1982.??.??"]
[Round "2"]
[White "Taulbut, Shaun M"]
[Black "Cramling, Dan"]
[Result "1/2-1/2"]
[WhiteElo "2435"]
[BlackElo "2345"]

1.d4 g6 2.e4 Bg7 3.Nc3 d6 4.Nf3 c6 5.a4 Nd7 6.Bc4 Nh6 7.h3 d5 8.exd5 Nb6
9.Bxh6 Bxh6 10.Qe2 cxd5 11.Bb5+ Bd7 12.Bxd7+ Qxd7 13.Ne5 Qe6 14.Qb5+ Kf8
15.O-O Rd8 16.a5 Nd7 17.Ng4 Bg7 18.Nxd5 Bxd4 19.Rae1 Qc6 20.Qxc6 bxc6 21.Nxe7 Nb8
22.Ne5  1/2-1/2

[Event "Politiken Cup"]
[Site "Copenhagen"]
[Date "1982.??.??"]
[Round "5"]
[White "Wiedenkeller, Michael"]
[Black "Davies, Nigel R"]
[Result "0-1"]
[WhiteElo "2320"]
[BlackElo "2410"]

1.e4 g6 2.Nc3 Bg7 3.d4 d6 4.f4 Nc6 5.d5 Nd4 6.Be3 c5 7.dxc6 Nxc6 8.Bd3 Nf6
9.h3 d5 10.e5 d4 11.exf6 Bxf6 12.Ne4 dxe3 13.Nxf6+ exf6 14.Qf3 Qa5+ 15.c3 Be6
16.Be4 O-O 17.Ne2 Rfe8 18.O-O Bc4 19.Rfe1 Qb5 20.b3 Bxe2 21.Bxc6 Qxc6 22.Qxc6 bxc6
23.Rxe2 Rad8 24.Rae1 Rd3 25.c4 h5 26.h4 Kg7 27.Kh2 Re4 28.Kg3 Rdd4 29.Rf1 c5
30.Rf3 g5 31.hxg5 fxg5 32.fxg5 Rg4+ 33.Kh2 Rh4+ 34.Rh3 Rxh3+ 35.Kxh3 Re4
36.Kg3 Kg6 37.Kf3 Kf5 38.Rxe3 Rxe3+ 39.Kxe3 a5 40.a3 Kxg5 41.Ke4 f5+ 42.Kd5 f4
43.Kxc5 f3 44.gxf3 h4 45.Kb6 h3 46.c5 h2 47.c6 h1=Q 48.c7 Qh3 49.Kb7 Qxf3+
50.Ka7 Qh3 51.Kb8 Qxb3+ 52.Ka8 Qd5+ 53.Kb8 Qb5+ 54.Ka7 Qc5+ 55.Kb8 Qb6+ 56.Kc8 Kf5  0-1

[Event "Politiken Cup"]
[Site "Copenhagen"]
[Date "1982.??.??"]
[Round "9"]
[White "Cramling, Pia"]
[Black "Davies, Nigel R"]
[Result "1/2-1/2"]
[WhiteElo "2260"]
[BlackElo "2410"]

1.e4 g6 2.d4 Bg7 3.Nc3 d6 4.f4 Nc6 5.Be3 Nf6 6.Be2 O-O 7.Nf3 a6 8.h3 e6 9.O-O Ne7
10.a4 b6 11.Bd3 c5 12.Qe1 Bb7 13.dxc5 bxc5 14.e5 Nfd5 15.exd6 Qxd6 16.Ne4 Qc7
17.Bxc5 f5 18.Bxe7 Qxe7 19.Neg5 Rfe8 20.Ne5 Nxf4 21.Rxf4 Qc5+ 22.Kh1 Qxe5
23.Qxe5 Bxe5 24.Rb4 Rab8 25.c3 Bf6 26.Nxe6 a5  1/2-1/2

[Event "CUB-ch"]
[Site "?"]
[Date "1982.??.??"]
[Round "9"]
[White "Diaz, Joaquin C"]
[Black "Velez, Nestor"]
[Result "0-1"]
[WhiteElo "2360"]
[BlackElo "2410"]

1.e4 g6 2.d4 Bg7 3.Nc3 d6 4.Be2 Nf6 5.h4 h5 6.f3 c6 7.Be3 b5 8.Qd2 Nbd7 9.Nh3 Qa5
10.Kf2 Qc7 11.a3 a6 12.Rad1 Bb7 13.Kf1 c5 14.d5 Ne5 15.Nf2 Rc8 16.a4 b4 17.Na2 a5
18.c4 b3 19.Nc3 Ba6 20.Nb5 Bxb5 21.axb5 a4 22.Ra1 Ra8 23.Ra3 e6 24.g3 exd5
25.exd5 O-O 26.Kg2 Ra7 27.Bh6 Bxh6 28.Qxh6 Re8 29.Qd2 Qe7 30.Nd1 Nfd7 31.Kf2 Nb6
32.Ne3 Qf6 33.Re1 Rae7 34.Raa1 Nxf3 35.Bxf3 Rxe3  0-1

[Event "New Delhi"]
[Site "Delhi"]
[Date "1982.??.??"]
[Round "3"]
[White "Thipsay, Praveen Mahadeo"]
[Black "Koshy, Varugeese"]
[Result "1-0"]
[WhiteElo "2430"]
[BlackElo "2380"]

1.e4 g6 2.d4 Bg7 3.Nc3 d6 4.f4 c6 5.Nf3 Qb6 6.Bc4 Nh6 7.h3 d5 8.Bb3 dxe4
9.Nxe4 Nf5 10.c3 O-O 11.O-O a5 12.Kh2 Nd6 13.Nfg5 Nxe4 14.Nxe4 Na6 15.g4 Qc7
16.Be3 b5 17.Qd2 Bb7 18.Rae1 Rad8 19.Qf2 a4 20.Bc2 Qb8 21.Kg1 Nc7 22.f5 Nd5
23.Bg5 Nf6 24.Nc5 Rfe8 25.fxg6 hxg6 26.Bf4 Qc8 27.g5 Nd5 28.Bc7 Qxc7 29.Qxf7+ Kh8
30.Kg2 e5 31.Qxg6 Bf6 32.Qh6+ Kg8 33.gxf6  1-0

[Event "Dortmund"]
[Site "Dortmund"]
[Date "1982.??.??"]
[Round "6"]
[White "Barczay, Laszlo"]
[Black "Lobron, Eric"]
[Result "0-1"]
[WhiteElo "2445"]
[BlackElo "2440"]

1.e4 g6 2.d4 Bg7 3.Nc3 d6 4.Be3 a6 5.Qd2 Nd7 6.Nf3 b5 7.Bd3 c5 8.dxc5 Nxc5
9.O-O Bb7 10.Rfe1 Rc8 11.Nd4 Nf6 12.Bh6 O-O 13.Bxg7 Kxg7 14.b4 Nxd3 15.cxd3 e5
16.Nde2 d5 17.Ng3 h6 18.Qb2 Re8 19.Rad1 Qc7 20.Rc1 Qd6 21.a3 dxe4 22.Ngxe4 Nxe4
23.dxe4 Rc4 24.Red1 Qb8 25.f3 Rd8 26.Rxd8 Qxd8 27.Ne2 Rxc1+ 28.Qxc1 Bc8 29.Qc5 Kf6
30.Nc3 Qd4+ 31.Qxd4 exd4 32.Nd5+ Ke5 33.Kf2 Bb7 34.Ne7 Kf6 35.Ng8+ Kg7 36.Ne7 Kf8
37.Nd5 Bxd5 38.exd5 Ke7  0-1

[Event "Gausdal Int"]
[Site "Gausdal"]
[Date "1982.??.??"]
[Round "5"]
[White "Kudrin, Sergey"]
[Black "Wedberg, Tom"]
[Result "1-0"]
[WhiteElo "2480"]
[BlackElo "2460"]

1.e4 g6 2.d4 Bg7 3.Nc3 d6 4.Nge2 Nc6 5.h3 e5 6.Be3 Nge7 7.dxe5 Nxe5 8.f4 N5c6
9.g4 h5 10.g5 Be6 11.Nd4 d5 12.Nxc6 bxc6 13.Bd4 Bxd4 14.Qxd4 O-O 15.O-O-O Qd6
16.e5 Qd8 17.Qc5 Qe8 18.Rh2 Nf5 19.Bd3 Rb8 20.Bxf5 Bxf5 21.h4 Rb6 22.Rd4 Qe6
23.b3 Rfb8 24.Kb2 Qc8 25.Rhd2 Bh3 26.Ne4 Bf5 27.Nf6+ Kg7 28.Qe7 Be6 29.R2d3 Qd8
30.Qxd8 Rxd8 31.Rc3 Rdb8 32.Rc5 Ra6 33.a3 Kf8 34.Rb4 Rxb4 35.axb4 Rb6 36.Ra5 a6
37.Ra4 Ke7 38.Kc3 Bh3 39.Kd4 Bf1 40.c3 Ke6 41.Ra1 Bh3 42.Kc5 Ke7 43.c4 dxc4
44.bxc4 Bf5 45.Rd1 Be6 46.Ng8+ Ke8 47.Nf6+ Ke7 48.Rd6 a5 49.Ng8+ Ke8 50.Nf6+ Ke7
51.bxa5 Ra6 52.Ng8+ Ke8 53.Nf6+ Ke7 54.Rd4 Rxa5+ 55.Kxc6 Ra4 56.Ng8+ Ke8
57.Nf6+ Ke7 58.Ng8+ Ke8 59.Kxc7 Rxc4+ 60.Rxc4 Bxc4 61.Kd6 Be6 62.Nf6+ Kd8
63.Nd5 Bh3 64.Nc7 Bg4 65.f5 Bxf5 66.e6 fxe6 67.Nxe6+ Kc8 68.Ke7 Bc2 69.Nf8 Kc7
70.Kf6 Kd6 71.Nxg6  1-0

[Event "Gausdal Int"]
[Site "Gausdal"]
[Date "1982.??.??"]
[Round "5"]
[White "Norregaard, Christoffer"]
[Black "Braathen, Jon Erik"]
[Result "0-1"]
[WhiteElo "2200"]
[BlackElo "2235"]

1.e4 g6 2.d4 Bg7 3.Nc3 d6 4.Nge2 c6 5.a4 Nd7 6.g3 e5 7.h3 Qe7 8.Be3 f5 9.exf5 gxf5
10.dxe5 dxe5 11.Bg2 Ngf6 12.a5 O-O 13.O-O f4 14.gxf4 Nh5 15.f5 Nc5 16.Nd5 cxd5
17.Qxd5+ Ne6 18.fxe6 Bxe6 19.Qxb7 Qf6 20.Bxa7 Qg6 21.Ra3 Kh8 22.Rc3 Rg8 23.Kh1 Rad8
24.Rg1 Rd7 25.Rc7 Rxc7 26.Qxc7 Qf5 27.Qc6 Bh6 28.Qe4 Rxg2 29.Qxg2 Bd5 30.Kh2 Bxg2
31.Rxg2 Nf4 32.Nxf4 Bxf4+ 33.Kg1 Qd7  0-1

[Event "Halle (Women)"]
[Site "Halle"]
[Date "1982.??.??"]
[Round "?"]
[White "Wagner Michel, Annett"]
[Black "Reicher, Emanoil"]
[Result "1-0"]
[WhiteElo "2115"]
[BlackElo "2285"]

1.e4 g6 2.d4 Bg7 3.Nc3 d6 4.f4 c6 5.Be3 Nf6 6.Nf3 Na6 7.Qd2 Nc7 8.Bd3 O-O
9.h3 d5 10.e5 Nfe8 11.g4 f5 12.exf6 exf6 13.f5 gxf5 14.gxf5 Nd6 15.Nh4 Qe7
16.O-O-O Re8 17.Bf4 Bd7 18.Rhg1 Kh8 19.Qf2 Ncb5 20.Nxb5 cxb5 21.Qf3 Nc4 22.Qh5 Qb4
23.Bxc4 bxc4 24.Rxg7  1-0

[Event "Hamar op"]
[Site "Hamar"]
[Date "1982.??.??"]
[Round "2"]
[White "Stein, Bernd"]
[Black "Davies, Nigel R"]
[Result "1/2-1/2"]
[WhiteElo "2315"]
[BlackElo "2410"]

1.e4 g6 2.d4 Bg7 3.Nc3 d6 4.f4 Nc6 5.Be3 Nf6 6.Nf3 O-O 7.Qd2 e5 8.fxe5 dxe5
9.d5 Nd4 10.Nxe5 Nxe4 11.Nxe4 Qh4+ 12.Ng3 Bxe5 13.O-O-O Nf5 14.Nxf5 Bxf5
15.Bd3 Qf6 16.Bxf5 Bxb2+ 17.Kb1 Ba3 18.Qd4 Qxd4 19.Bxd4 gxf5 20.Rhf1 f6 21.Rd3 Bd6
22.Rxf5 Rae8 23.h3  1/2-1/2

[Event "Hamar op"]
[Site "Hamar"]
[Date "1982.??.??"]
[Round "5"]
[White "Stein, Bernd"]
[Black "Fedorowicz, John P"]
[Result "1/2-1/2"]
[WhiteElo "2315"]
[BlackElo "2455"]

1.e4 g6 2.d4 Bg7 3.Nc3 d6 4.f4 Nf6 5.Nf3 O-O 6.Be2 c5 7.dxc5 Qa5 8.O-O Qxc5+
9.Kh1 Nbd7 10.Qe1 a6 11.Bd3 e6 12.Be3 Qc7 13.Qh4 b5 14.f5 b4 15.Ne2 exf5
16.exf5 Bb7 17.Ned4 Rae8 18.Rae1 Re7 19.Bd2 Rxe1 20.Rxe1 Qb6 21.fxg6 fxg6
22.Re7 Qd8 23.Re1 Qb6 24.Re7  1/2-1/2

[Event "Hamar op"]
[Site "Hamar"]
[Date "1982.??.??"]
[Round "8"]
[White "Tisdall, Jonathan D"]
[Black "Davies, Nigel R"]
[Result "1-0"]
[WhiteElo "2410"]
[BlackElo "2410"]

1.d4 g6 2.e4 Bg7 3.Nc3 d6 4.Nge2 a6 5.a4 Nc6 6.h3 e5 7.Be3 Nge7 8.d5 Nb4
9.a5 f5 10.f3 O-O 11.Qd2 c5 12.Nd1 fxe4 13.fxe4 Nexd5 14.exd5 Qh4+ 15.Bf2 Rxf2
16.Nxf2 Bh6 17.Qc3 Bf5 18.g3 Qg5 19.Nd3 Nxd5 20.Qc4 Qd2+ 21.Kf2 Rf8 22.Kg1 Be6
23.Rh2 Qe3+ 24.Nf2  1-0

[Event "URS-ch sf"]
[Site "Ivano Frankovsk"]
[Date "1982.??.??"]
[Round "?"]
[White "Ehlvest, Jaan"]
[Black "Kakageldyev, Amanmurad"]
[Result "1-0"]
[WhiteElo "2450"]
[BlackElo "2365"]

1.e4 g6 2.d4 d6 3.Nc3 Bg7 4.f4 c6 5.Nf3 Nf6 6.Bd3 O-O 7.O-O b5 8.e5 dxe5
9.fxe5 Nd5 10.Nxd5 Qxd5 11.Qe1 f6 12.Qh4 fxe5 13.Be4 Qd7 14.h3 Rxf3 15.Rxf3 Qxd4+
16.Be3 Qd6 17.Bg5 Be6 18.Bxe7 Qd4+ 19.Kh1 Bd5 20.Re1 Bxe4 21.Rxe4 Qd1+ 22.Re1 Qd4
23.Re4 Qd1+ 24.Kh2 Qxc2 25.Bf6 Bf8 26.Qg4  1-0

[Event "Lloyds Bank op"]
[Site "London"]
[Date "1982.??.??"]
[Round "3"]
[White "Upton, Timothy J"]
[Black "Hartoch, Robert G"]
[Result "1-0"]
[WhiteElo "2295"]
[BlackElo "2390"]

1.e4 g6 2.d4 Bg7 3.Nc3 d6 4.f4 Nf6 5.Nf3 O-O 6.Be2 c5 7.dxc5 Qa5 8.O-O Qxc5+
9.Kh1 Bg4 10.Qe1 Nc6 11.Bd3 Bxf3 12.Rxf3 Nb4 13.Be3 Nxd3 14.cxd3 Qa5 15.f5 Ng4
16.Bd2 e6 17.Qh4 h5 18.h3 Ne5 19.Rg3 Qd8 20.Bg5 f6 21.Bd2 Qe8 22.fxg6 Nxg6
23.Qxh5 Ne5 24.Qh4 Rf7 25.d4 Nc4 26.Bh6 Rc8 27.Rf1 Rcc7 28.Rxf6 Nxb2 29.Bxg7 Rxg7
30.Rh6  1-0

[Event "Lloyds Bank op"]
[Site "London"]
[Date "1982.??.??"]
[Round "7"]
[White "Kudrin, Sergey"]
[Black "McNab, Colin Anderson"]
[Result "1-0"]
[WhiteElo "2480"]
[BlackElo "2360"]

1.e4 g6 2.d4 d6 3.Nc3 Bg7 4.Nge2 Nf6 5.g3 O-O 6.Bg2 e5 7.O-O c6 8.a4 a5 9.h3 Na6
10.Bg5 Nc7 11.Qd2 Ne6 12.Be3 Qe7 13.Rfe1 Rd8 14.Rad1 Nh5 15.Kh2 exd4 16.Nxd4 Nxd4
17.Bxd4 Bxd4 18.Qxd4 Be6 19.f4 f6 20.Bf3 Ng7 21.Nd5 Bxd5 22.exd5 c5 23.Rxe7 cxd4
24.Rxb7 Rac8 25.Be4 Re8 26.Bd3 Nf5 27.Rd2 Ne3 28.b4 axb4 29.Rxb4 Rxc2 30.Rxc2 Nxc2
31.Rb2 Ne1 32.Re2 Rxe2+ 33.Bxe2 d3 34.Bd1 Nc2 35.a5 Nb4 36.Kg2 Kf8 37.Kf3 Ke7
38.Ke4 Kd8 39.Kd4 d2 40.Kc4 Na6 41.Kb5 Nc5 42.Kc6 Kc8 43.Kxd6 Nb7+ 44.Ke7 Nxa5
45.Kxf6 Kd8 46.Kg7 Nc4 47.Kxh7 Ne3  1-0

[Event "Luzern ol (Men)"]
[Site "Luzern"]
[Date "1982.??.??"]
[Round "3"]
[White "Salazar, Hernan"]
[Black "Trikaliotis, Georgios"]
[Result "1-0"]
[WhiteElo "2390"]
[BlackElo "2350"]

1.e4 g6 2.d4 Bg7 3.Nc3 d6 4.Be2 Nf6 5.Nf3 Bg4 6.Be3 c6 7.O-O O-O 8.h3 Bxf3
9.Bxf3 Nbd7 10.Qd2 Qc7 11.a4 a5 12.Rad1 Rfd8 13.Be2 e5 14.Qc1 Re8 15.dxe5 dxe5
16.Bc4 Nf8 17.Bc5 Nh5 18.g3 b5 19.Be2 b4 20.Nb1 Ne6 21.Bd6 Qb6 22.Bxh5 gxh5
23.c3 Rad8 24.Rd3 bxc3 25.bxc3 Qa6 26.Qe3 Nd4 27.cxd4 exd4 28.Rxd4 Bxd4 29.Qxd4 c5
30.Qxc5 Qxd6 31.Qxh5 Re5 32.Qg4+ Qg6 33.Nc3 Qxg4 34.hxg4 Kg7 35.Re1 Rd3 36.Nb5 Re6
37.Kg2 Rc6 38.e5 Re6 39.f4 Rc6 40.Nd6 Rc2+ 41.Kh3  1-0

[Event "Luzern ol (Men)"]
[Site "Luzern"]
[Date "1982.??.??"]
[Round "4"]
[White "Sznapik, Aleksander"]
[Black "McKay, Roderick M"]
[Result "1-0"]
[WhiteElo "2480"]
[BlackElo "2320"]

1.e4 d6 2.d4 g6 3.Nc3 Bg7 4.Nf3 Nf6 5.Be2 O-O 6.O-O Bg4 7.Be3 Nc6 8.Qd2 Nd7
9.Rad1 e5 10.dxe5 dxe5 11.Nd5 Bxf3 12.Bxf3 Nd4 13.c3 Nxf3+ 14.gxf3 Nb6 15.Qe2 Nxd5
16.Rxd5 Qh4 17.Rd7 b6 18.Rxc7 Rfc8 19.Rxc8+ Rxc8 20.Rd1 f5 21.Rd7 Kh8 22.Qa6 Rg8
23.Qxa7 h6 24.Qa4 b5 25.Qxb5 Qh3 26.Qf1 Qxf3 27.Qg2 Qe2 28.h3 Qb5 29.Rd6 Qxb2
30.Rxg6 f4 31.Bc5 Qxa2 32.Bd6 Qf7 33.h4 Kh7 34.h5 Rc8 35.Qf3 Rc6 36.Qd3 Qc4
37.Qf3 Qa6 38.Qg4  1-0

[Event "Luzern ol (Men)"]
[Site "Luzern"]
[Date "1982.??.??"]
[Round "4"]
[White "Kindermann, Stefan"]
[Black "Christiansen, Larry Mark"]
[Result "1/2-1/2"]
[WhiteElo "2465"]
[BlackElo "2505"]

1.e4 d6 2.d4 g6 3.Nc3 Bg7 4.Nge2 Nc6 5.d5 Ne5 6.f4 Nd7 7.Nd4 c6 8.Be3 cxd5
9.exd5 Ngf6 10.Bc4 O-O 11.O-O Nb6 12.Bb3 Ng4 13.Bc1 Qc7 14.Ne4 Nc4 15.Re1 Bd7
16.c3 b5 17.f5 gxf5 18.Ng3 e5 19.dxe6 fxe6 20.h3 Nge5 21.Nh5 Rf7 22.Qe2 Re8
23.Bg5 Ng6 24.a4 a6 25.axb5 axb5 26.Nxg7 Kxg7 27.Qf2 e5 28.Nc2 Be6 29.Bc1 f4
30.Nb4 Kh8 31.Bc2 Rg8 32.Be4 Rfg7 33.Kh2 Qd8 34.Ra8 Qg5 35.Rxg8+ Rxg8 36.b3 Na5
37.Rd1 Rd8 38.Qb6 Nxb3 39.Ba3 Nh4 40.Rxd6 Qg3+ 41.Kh1 Qe1+ 42.Kh2 Rg8 43.Rd8 Qg3+
44.Kg1 Nd2 45.Rxg8+ Qxg8 46.Qd6 Nxe4 47.Qxe5+ Qg7 48.Qxe4 f3 49.g4 Qc7 50.Qd4+ Kg8
51.Qf2 Qxc3 52.Qxh4 Qe3+ 53.Kh1 Qd2 54.Qg3 Qd1+ 55.Kh2 Qe2+ 56.Kg1 Qe3+ 57.Kh1 Qxa3
58.Qb8+ Kf7 59.Qf4+  1/2-1/2

[Event "Luzern ol (Men)"]
[Site "Luzern"]
[Date "1982.??.??"]
[Round "5"]
[White "Juarez Flores, Carlos A"]
[Black "Cooper, John Grantley"]
[Result "0-1"]
[WhiteElo "2280"]
[BlackElo "2330"]

1.e4 g6 2.d4 Bg7 3.Nc3 d6 4.Be3 c6 5.Nf3 Nf6 6.h3 O-O 7.a4 Nbd7 8.Be2 e5
9.O-O Qe7 10.dxe5 dxe5 11.Qd3 Nh5 12.Rfd1 Nf4 13.Qc4 Nb6 14.Qc5 Qf6 15.a5 Nd7
16.Qd6 Re8 17.Bf1 Nxh3+ 18.gxh3 Qxf3 19.a6 Nf6 20.axb7 Bxb7 21.Qc7 Bc8 22.Rd3 Qh5
23.Bxa7 Be6 24.b3 Rec8 25.Qb7 Qh4 26.Bg2 Nh5 27.Ne2 c5 28.Rad1 Bf8 29.c4 Rd8
30.Rxd8 Rxd8 31.Rxd8 Qxd8 32.Qb8 Qa5 33.Kh2 Nf6 34.Ng1 Nd7 35.Qb7 Qd2  0-1

[Event "Luzern ol (Men)"]
[Site "Luzern"]
[Date "1982.??.??"]
[Round "6"]
[White "Seret, Jean Luc"]
[Black "McNab, Colin Anderson"]
[Result "1/2-1/2"]
[WhiteElo "2395"]
[BlackElo "2360"]

1.e4 g6 2.d4 d6 3.Nc3 Bg7 4.Nge2 Nc6 5.Be3 e5 6.dxe5 dxe5 7.Qxd8+ Nxd8 8.Nc1 c6
9.Nb3 Bh6 10.Bxh6 Nxh6 11.Be2 Ne6 12.Nd1 f6 13.Ne3  1/2-1/2

[Event "Luzern ol (Men)"]
[Site "Luzern"]
[Date "1982.??.??"]
[Round "6"]
[White "Browne, Walter S"]
[Black "Quinteros, Miguel A"]
[Result "1/2-1/2"]
[WhiteElo "2590"]
[BlackElo "2520"]

1.d4 g6 2.e4 Bg7 3.Nc3 d6 4.Be2 Nf6 5.Nf3 O-O 6.O-O Bg4 7.Be3 Nbd7 8.Re1 e5
9.dxe5 dxe5 10.Nd2 Be6 11.Bc4 Qe7 12.Qe2 Ng4 13.Rad1 Nxe3 14.Qxe3 Nb6 15.Bxe6 Qxe6
16.a4 a5 17.Qc5 Rfc8 18.Qb5 Bf8 19.Nf3  1/2-1/2

[Event "Luzern ol (Men)"]
[Site "Luzern"]
[Date "1982.??.??"]
[Round "9"]
[White "Rantanen, Yrjo A"]
[Black "Weemaes, Ronald"]
[Result "1-0"]
[WhiteElo "2420"]
[BlackElo "2325"]

1.e4 g6 2.d4 Bg7 3.Nc3 d6 4.Be3 Nf6 5.h3 c6 6.a4 O-O 7.g4 Qa5 8.Bg2 e5 9.Qd2 Nbd7
10.Nge2 b5 11.b4 Qxb4 12.axb5 cxb5 13.Rb1 Qa5 14.Nxb5 Qxd2+ 15.Kxd2 Ne8 16.d5 Nb6
17.Na3 f5 18.f3 fxe4 19.fxe4 Ba6 20.Rb4 Nf6 21.Nc3 Nfd7 22.g5 Rfb8 23.Rhb1 Bf8
24.Ncb5 Bxb5 25.Rxb5 Nc8 26.Bf1 Rxb5 27.Bxb5 Ndb6 28.Bc6 Rb8 29.Kd3 Be7 30.Nc4 Bd8
31.Bxb6 axb6 32.Bd7 Bxg5 33.Bxc8 Rxc8 34.Rxb6 Rf8 35.Ke2 Bh4 36.Nxd6 Rf2+
37.Kd3 Rf3+ 38.Kc4 Rxh3 39.Rb8+ Kg7 40.Rb7+ Kg8 41.Rb8+ Kg7 42.Rb7+ Kg8 43.Nb5 g5
44.Nd6 g4 45.Rb8+ Kg7 46.Nf5+ Kf6 47.Rf8+ Kg5 48.Nxh4 Rxh4 49.d6 g3 50.Kd5 Rh1
51.Kxe5 Rd1 52.c4 Kh4 53.Rg8 h5 54.c5 Rc1 55.d7  1-0

[Event "Luzern ol (Men)"]
[Site "Luzern"]
[Date "1982.??.??"]
[Round "10"]
[White "Donchev, Dimitar I"]
[Black "Trois, Francisco RT"]
[Result "1-0"]
[WhiteElo "2430"]
[BlackElo "2410"]

1.e4 g6 2.d4 Bg7 3.Nc3 d6 4.Be3 c6 5.f4 Qb6 6.Rb1 Nf6 7.Nf3 O-O 8.Qd2 Qa5
9.h3 b5 10.b4 Qc7 11.Bd3 a6 12.O-O Nbd7 13.f5 e6 14.Bh6 exf5 15.exf5 Bb7
16.fxg6 hxg6 17.Qg5 c5 18.Bxg7 Kxg7 19.Nh4 Nh7 20.Qg3 Kh8 21.bxc5 Nxc5 22.Bxg6 Rg8
23.dxc5 Qxc5+ 24.Kh1 fxg6 25.Rf7  1-0

[Event "Luzern ol (Men)"]
[Site "Luzern"]
[Date "1982.??.??"]
[Round "12"]
[White "Bogda, A."]
[Black "Deras Diaz, Gonzalo"]
[Result "0-1"]
[WhiteElo "2250"]
[BlackElo "2210"]

1.e4 g6 2.d4 Bg7 3.Nc3 d6 4.f4 c6 5.a4 Qb6 6.Nf3 Bg4 7.a5 Qc7 8.Be2 Nf6 9.e5 Nd5
10.Ne4 O-O 11.O-O f6 12.c4 Nb4 13.Bd2 N8a6 14.exf6 exf6 15.Nf2 Bf5 16.Nh4 Bc2
17.Qc1 Rfe8 18.Bd1 Bxd1 19.Qxd1 f5 20.Nf3 Re7 21.Qb3 c5 22.dxc5 dxc5 23.Ne5 Nc6
24.Nxc6 Qxc6 25.Bc3 Re6 26.Qc2 Rae8 27.Bxg7 Nb4 28.Qd2 Kxg7 29.Rae1 Nc2 30.Rd1 Nd4
31.b4 b6 32.axb6 axb6 33.Ra1 Qd6 34.Qb2 Kg8 35.bxc5 bxc5 36.Qb7 R6e7 37.Qd5+ Qxd5
38.cxd5 Ne2+ 39.Kh1 Nxf4 40.Rad1 Rd7 41.Nd3 Nxd3 42.Rxd3 c4 43.Rd4 Re4 44.Rfd1 Rxd4
45.Rxd4 c3 46.Kg1 Rc7 47.Rd1 c2 48.Rc1 Kf7 49.Kf2 Ke7 50.Ke3 Kd6 51.Kd3 Kxd5
52.Rxc2 Rxc2 53.Kxc2 Ke4 54.Kd2 f4 55.Ke2 g5 56.h3 h5 57.Kf2 g4 58.hxg4 hxg4
59.Ke2 g3 60.Ke1 Ke3 61.Kf1 Kd2 62.Kg1 Ke2 63.Kh1 f3 64.gxf3 Kf2  0-1

[Event "Luzern ol (Men)"]
[Site "Luzern"]
[Date "1982.??.??"]
[Round "13"]
[White "Rantanen, Yrjo A"]
[Black "Wong, M."]
[Result "1-0"]
[WhiteElo "2420"]
[BlackElo "2290"]

1.e4 g6 2.d4 Bg7 3.Nc3 d6 4.Be3 c6 5.a4 a5 6.h3 Nf6 7.g4 O-O 8.Bg2 e5 9.Nge2 Na6
10.Qd2 Nb4 11.O-O-O exd4 12.Bxd4 d5 13.exd5 cxd5 14.g5 Ne4 15.Nxe4 dxe4 16.Bxg7 Qxd2+
17.Rxd2 Kxg7 18.Bxe4 Re8 19.f3 Ra6 20.c3 Nc6 21.h4 Re5 22.Ng3 Rc5 23.f4 h6
24.gxh6+ Kxh6 25.h5 Kg7 26.h6+ Kh7 27.Bd3 Nd4 28.Bxa6 Nb3+ 29.Kc2 Nxd2 30.Kxd2 bxa6
31.Ne4 Rd5+ 32.Kc1 Kh8 33.Ng5 f6 34.Rd1 Rxd1+ 35.Kxd1 fxg5 36.fxg5 Be6 37.Kd2 Kg8
38.Ke3 Kf8 39.Kd4 Bb3 40.c4 Bxa4 41.c5  1-0